General Overview of the 13th Century’s European Political Structure until the Mongol Invasion

Elmentve itt :
Bibliográfiai részletek
Szerző: Gürer İlker
Dokumentumtípus: Cikk
Megjelent: 2025
Sorozat:CHRONICA: ANNUAL OF THE INSTITUTE OF HISTORY UNIVERSITY OF SZEGED 24-25
Tárgyszavak:
mtmt:37314337
Online Access:http://publicatio.bibl.u-szeged.hu/40286
LEADER 00743nab a2200193 i 4500
001 publ40286
005 20260602115540.0
008 260602s2025 hu o 000 eng d
022 |a 1588-2039 
024 7 |a 37314337  |2 mtmt 
040 |a SZTE Publicatio Repozitórium  |b hun 
041 |a eng 
100 1 |a Gürer İlker 
245 1 0 |a General Overview of the 13th Century’s European Political Structure until the Mongol Invasion  |h [elektronikus dokumentum] /  |c  Gürer İlker 
260 |c 2025 
300 |a 37-49 
490 0 |a CHRONICA: ANNUAL OF THE INSTITUTE OF HISTORY UNIVERSITY OF SZEGED  |v 24-25 
650 4 |a Történettudomány és régészet 
856 4 0 |u http://publicatio.bibl.u-szeged.hu/40286/1/chronica_2025_024_025_037-049.pdf  |z Dokumentum-elérés